Ecological principles for the design of wildlife corridors (Registro nro. 11898)

Detalles MARC
000 -CABECERA
Campo de control 005520000a22001810004500
090 ## - CLASIFICACIÓN LOCAL
Colección AR
Consecutivo 02838
041 0# - IDIOMA
Código de idioma para texto/pista de sonido o título separado
100 1# - ASIENTO PRINCIPAL--NOMBRE PERSONAL
Nombre personal Lindenmayer, David B.
245 10 - MENCION DE TITULO
Título Ecological principles for the design of wildlife corridors
650 14 - ASIENTO SECUNDARIO DE MATERIA - TERMINO TEMATICO
Término temático o nombre geográfico como elemento de entrada Fauna silvestre
650 14 - ASIENTO SECUNDARIO DE MATERIA - TERMINO TEMATICO
Término temático o nombre geográfico como elemento de entrada Corredores ecológicos
650 14 - ASIENTO SECUNDARIO DE MATERIA - TERMINO TEMATICO
Término temático o nombre geográfico como elemento de entrada Marsupiales
650 14 - ASIENTO SECUNDARIO DE MATERIA - TERMINO TEMATICO
Término temático o nombre geográfico como elemento de entrada Movilidad animal
651 #4 - ASIENTO SECUNDARIO DE MATERIA - NOMBRE GEOGRAFICO
-- Victoria
-- Australia
700 1# - ASIENTO SECUNDARIO - NOMBRE PERSONAL
Nombre personal Nix, Henry A.
773 1# - Item fuente:
Título Conservation Biology
Especificación de materiales 24
Descripción física 3
Paginas del Articulo 627-685
Lugar, editorial y fecha de publicación 1993
Información sobre la relación 7
942 ## - ELEMENTOS ADICIONALES (KOHA)
Tipo de ítem Artículo
Existencias
Withdrawn status Lost status Damaged status No para préstamo Colección Ubicación Permanente Ubicación actual Fecha de adquisición Datos de publicación Seriada Total Checkouts Número topográfico Inventario / Código de Barras Date last seen Ejemplar Price effective from Forma de adquisición Tipo de material
      No para Préstamo Hemeroteca Bogotá Bogotá 27/02/2015 Fuera de circulación   AR 02838 013247 25/03/2015 1 25/03/2015   Artículo